Data Mining Concepts

Saved in:
Bibliographic Details
Main Author: Han, Kamber
Format: Book
Published: Elsevier
Subjects:
Tags: Add Tag
No Tags, Be the first to tag this record!

MARC

LEADER 00000nam a2200000Ia 4500
005 20260427112649.0
526 |b Data Science 
100 |a Han, Kamber 
020 |a 9780128117606 
650 |a Data Mining 
526 |a Bachelors 
942 |c BK 
245 |a Data Mining Concepts 
260 |b Elsevier 
999 |c 31  |d 31 
952 |0 0  |1 0  |4 0  |7 0  |8 2  |a BRISTOL  |b BRISTOL  |d 2026-04-22  |l 0  |p 000071  |r 2026-04-27 11:26:50  |w 2026-04-27  |y BK